00671nam a22002057a 4500003001100000005001700011008004100028040003900069041000800108082001600116100002100132245005200153260003300205300004100238650004100279650003200320942000700352952009100359999001500450LK-CoMWRAF20231211125836.0231211b1990 |||||||| |||| 00| 0 eng d aLK-CoMWRAFdLK-CoMWRAFeLK-CoMWRAF aeng a305.42bSHA aShaheed, Farida  a Pakistan's women :b an analytical description aShirkat Gah:bLahore, c1990 a77 p. ; 21 cmbBibliography included aWomen- Pakistan- Societies and clubs aSocial conditions-Pakistan  cBK 00104070aMAINbMAINd2023-12-11l0o305.42 SHApRAF4516r2023-12-11w2023-12-11yBK c4342d4342